Catálogo
Digital

Catálogo
Digital

Máquinas, instrumentos y procesos de manufactura (Record no. 14008)

MARC details
000 -CABECERA
campo de control de longitud fija 01474nam a2200313 4500
003 - IDENTIFICADOR DEL NÚMERO DE CONTROL
campo de control EC-UNACH
005 - FECHA Y HORA DE LA ÚLTIMA TRANSACCIÓN
campo de control 20251015110735.0
006 - CÓDIGOS DE INFORMACIÓN DE LONGITUD FIJA--CARACTERÍSTICAS DEL MATERIAL ADICIONAL
campo de control de longitud fija s||||gr|||| 00| 00
008 - DATOS DE LONGITUD FIJA--INFORMACIÓN GENERAL
campo de control de longitud fija 150116t9999 mx r gr 000 0 spa d
020 ## - NÚMERO INTERNACIONAL ESTÁNDAR DEL LIBRO
Número Internacional Estándar del Libro 9972-45-091-0
040 ## - FUENTE DE LA CATALOGACIÓN
Centro catalogador/agencia de origen EC-UNACH
Centro/agencia transcriptor EC-UNACH
041 ## - CÓDIGO DE LENGUA
Código de lengua del texto/banda sonora o título independiente spa
082 04 - NÚMERO DE LA CLASIFICACIÓN DECIMAL DEWEY
Número de edición 23
Número de clasificación 621.313
Número de documento/Ítem L003240
110 ## - ENTRADA PRINCIPAL--NOMBRE DE ENTIDAD CORPORATIVA
Nombre de entidad corporativa o nombre de jurisdicción como elemento de entrada Universidad de Lima
245 ## - MENCIÓN DE TÍTULO
Título Máquinas, instrumentos y procesos de manufactura
250 ## - MENCIÓN DE EDICIÓN
Mención de edición Primera edición
264 ## - Producción, publicación, distribución, fabricación y copyright
Lugar de producción, publicación, distribución, fabricación Lima
Nombre del de productor, editor, distribuidor, fabricante Universidad de Lima
Fecha de de producción, publicación, distribución, fabricación o copyright 2000
300 ## - DESCRIPCIÓN FÍSICA
Extensión 325 páginas
Otras características físicas Tablas, Figuaras
505 ## - NOTA DE CONTENIDO CON FORMATO
Nota de contenido con formato Presentación --<br/>Capítulo I. Hidrostática/hidrodinámica/problemas de aplicación y principios de funcionamiento de la prensa hidráulica -- <br/>Capítulo II. Instrumentos de medición, control y verificación --<br/>Capítulo III. Teoría de banco / útiles de trabajo --<br/>Capítulo IV. El torno --<br/>Capítulo V. La fresadora --<br/>Capítulo VI. Otras máquinas - herramientas / la limadora o cepillo de codo / la rectificadora / la taladradora / problemas de aplicación --<br/>Capítulo VII. Aleaciones hierro - carbono -- <br/>Capítulo VIII. La soldadura --<br/>Bibliografía --<br/>Simbología.<br/>
650 ## - PUNTO DE ACCESO ADICIONAL DE MATERIA--TÉRMINO DE MATERIA
Término de materia o nombre geográfico como elemento inicial MEDIDORES DE PRESIÓN
650 ## - PUNTO DE ACCESO ADICIONAL DE MATERIA--TÉRMINO DE MATERIA
Término de materia o nombre geográfico como elemento inicial PIEDRA MÁRMOL
650 ## - PUNTO DE ACCESO ADICIONAL DE MATERIA--TÉRMINO DE MATERIA
Término de materia o nombre geográfico como elemento inicial PRODUCCIÓN DE HIERRO
650 ## - PUNTO DE ACCESO ADICIONAL DE MATERIA--TÉRMINO DE MATERIA
Término de materia o nombre geográfico como elemento inicial SALDADURA A PRESIÓN
700 ## - PUNTO DE ACCESO ADICIONAL--NOMBRE DE PERSONA
Nombre de persona Goñi, Juan Carlos
942 ## - ELEMENTOS DE PUNTO DE ACCESO ADICIONAL (KOHA)
Tipo de ítem Koha Libros
Fuente del sistema de clasificación o colocación Clasificación Decimal Dewey
999 ## - NÚMEROS DE CONTROL DE SISTEMA (KOHA)
Koha biblionumber 14008
Holdings
Estado de pérdida Fuente del sistema de clasificación o colocación Estado dañado No para préstamo Localización permanente Ubicación/localización actual Ubicación en estantería Fecha de adquisición Fuente de adquisición Número de inventario Total de préstamos Signatura topográfica completa Código de barras Fecha visto por última vez Número de copia Precio válido a partir de Tipo de ítem Koha Centro de costos
  Clasificación Decimal Dewey     Biblioteca Campus Norte Biblioteca Campus Norte Facultad de Ingeniería - Generalidades 08/10/2025 Disposición Transitoria SEGUNDA. Resolución No. 0311-CU-UNACH-SE-ORD-16-09-2024 39933260   621.313 GON L003240 L003240 08/10/2025 Ej: 01 08/10/2025 Libros  

Powered by Koha